1469 1020 1610 1569 1174 1371 1551 1403 1438 1774 1390 1444 1379 1505 1163 1739 1125 1592 1309 1296 1850 1669 1496 1978 1027 1740 1279 1530 1016 1333 1614 1812 1831 1475 1566 1625 1438 1816 1366 1869 1546 1811 1792 1483 1375 1988 1888 1729 1203 1859 1975 1184 1777 1347 1795 1537 1824 1165 1689 1424 1464 1053 1210 1069 1987 1183 1411 1374 1369 1331 1937 1504 1215 1376 1317 1968 1211 1132 1805 1836 1130 1753 1387 1730 1849 1919 1930 1546 1091 1049 1723 1189 1038 1355 1524 1634 1209 1196 1515 BCNSPRNW ULIB Ver.6.0+V

เปลี่ยนเป็นภาษาไทย

Change to English
 แสดงรายละเอียดบรรณานุกรม
  กลับหน้าหลัก

Brief Record : Get Marc (ISO 2709) : E-mail record : QR code < ปิดหน้าต่าง
LEADER : 00000nam 2200000uu 4500
001    13399126999
003     ULIB
008    190927s2562||||th 000 0 tha d
020    ^a9786164789265
050  4 ^aH62^bช523ศ
100 0  ^aชาย โพธิสิตา
245 10 ^aศาสตร์และศิลป์การวิจัยเชิงคุณภาพ :^bคู่มือนักศึกษาและนักวิจัยสังคมศาสตร์ /^cชาย โพธิสิตา
250    ^aพิมพ์ครั้งที่ 8 ปรับปรุงใหม่ เพิ่มเนื้อหา
260    ^aกรุงเทพฯ :^bอมรินทร์พริ้นติ้งแอนด์พับลิชชิ่ง,^c2562,
300    ^a374 หน้า :^bภาพประกอบ ;^c24 ซม.
650  0 ^aResearch
650  0 ^aSocial sciences^xResearch
650  0 ^aSocial sciences^xMethodology
650  0 ^aSocial research
650  0 ^aSocial^xResearch^xMethodology^vHandbooks,manuals,etc.
650  4 ^aสังคมศาสตร์^xวิจัย
650  4 ^aวิจัย
650  4 ^aวิจัยเชิงคุณภาพ
650  4 ^aสังคมศาสตร์^xวิธีวิทยา
650  4 ^aการวิจัยทางสังคมศาสตร์
945    ^p600^l0^i006151
945    ^p600^l0^i006150
945    ^p600^l0^i006147
945    ^p600^l0^i006148
945    ^p600^l0^i006149
999    ^aประนอม เกษจรัล
รายการนี้ยังไม่มีแท็ก
คุณยังไม่ได้ล็อกอิน คุณสามารถมีกิจกรรมร่วมกับเว็บไซต์ได้ แต่ต้องล็อกอินก่อน ::
  ล็อกอิน

รายการสื่อสารสนเทศ

ลำดับที่ ประเภท เลขเรียก/บาร์โค้ด สถานที่ สถานะ
1. การศึกษาทั่วไป
หนังสือสำรอง
สถานะ=หนังสือสำรอง
H62 ช523ศ ฉ.1 
  Barcode: 006147
ห้องสมุดวิทยาเขตสวรรค์ประชารักษ์
►หนังสือทั่วไป
บนชั้น
2. การศึกษาทั่วไป
การศึกษาทั่วไป
H62 ช523ศ ฉ.2 
  Barcode: 006148
ห้องสมุดวิทยาเขตสวรรค์ประชารักษ์
►หนังสือทั่วไป
บนชั้น
3. การศึกษาทั่วไป
การศึกษาทั่วไป
H62 ช523ศ ฉ.3 
  Barcode: 006149
ห้องสมุดวิทยาเขตสวรรค์ประชารักษ์
►หนังสือทั่วไป
บนชั้น
4. การศึกษาทั่วไป
การศึกษาทั่วไป
H62 ช523ศ ฉ.4 
  Barcode: 006150
ห้องสมุดวิทยาเขตสวรรค์ประชารักษ์
►หนังสือทั่วไป
บนชั้น
5. การศึกษาทั่วไป
การศึกษาทั่วไป
H62 ช523ศ ฉ.5 
  Barcode: 006151
ห้องสมุดวิทยาเขตสวรรค์ประชารักษ์
►หนังสือทั่วไป
บนชั้น

รายการใกล้เคียง
    ผู้แต่ง [ชาย โพธิสิตา]

    หัวเรื่อง [Research]
    หัวเรื่อง [Social research]
    หัวเรื่อง [วิจัย]
    หัวเรื่อง [วิจัยเชิงคุณภาพ]
    หัวเรื่อง [การวิจัยทางสังคมศาสตร์]

BibComment


ยังไม่เคยถูกคอมเมนท์

คอมเมนท์ทรัพยากรรายการนี้
  คอมเมนท์: ศาสตร์และศิลป์กา..


 Copyright 2026. Bcnsprnw @Library